00894nam a22002177a 450000500170000001000290001702000260004603500270007203700130009903700120011208200110012410000230013524501210015826000340027927000460031330000360035949000170039550000200041252002260043270000180065820120425110158.0 aENG-105114 B-492589-593 a9788120345515c595.00 aEN-88647 B-492589-593 bDBAD/PUB bUBH/Ven a651.75 aShadravan, Darvish aUsing Microsoft Infopath 2010 With Microsoft Sharepoint 2010 step by step /cby Darvish Shadravan [and] Laura Rogers aNew DelhibPHI Learningc2012 aM-97, Connaught CircusbNew Delhie110001 axxix, 446 p. :c23cm(pbk)bill. aStep by step aIncludes index. aThe smart way to learn how to build InfoPath forms for SharePoint - one step at a time. Design and build forms without writing code, add approval workflows to your forms, integrate data, create and use forms in the cloud. aRogers, Laura